000 00390nam a2200157Ia 4500
005 20250319043019.0
008 240331s9999 xx 000 0 und d
020 _a9307035034
082 _a894
_bAKK
100 _aNanjundan,G
245 0 _aAkka
260 _aNagercoil
_bKalachuvadu Pathippagam
_c2007
300 _a221 p .,
500 _aShort Stories Translated from Kannada
942 _cL
999 _c4641
_d4641